Microprocessors and Interfacing (Record no. 4519)

MARC details
000 -LEADER
fixed length control field 00418nam a22001697a 4500
005 - DATE AND TIME OF LATEST TRANSACTION
control field 20180131122541.0
008 - FIXED-LENGTH DATA ELEMENTS--GENERAL INFORMATION
fixed length control field 160628b xxu||||| |||| 00| 0 eng d
020 ## - INTERNATIONAL STANDARD BOOK NUMBER
ISBN 81-89757-27-X
041 ## - LANGUAGE CODE
Language code of text/sound track or separate title eng
082 ## - DEWEY DECIMAL CLASSIFICATION NUMBER
Item number 11645
Classification number 004.16
100 ## - MAIN ENTRY--AUTHOR NAME
Personal name Marriwala, Nikhil
245 ## - TITLE STATEMENT
Title Microprocessors and Interfacing
260 ## - PUBLICATION, DISTRIBUTION, ETC. (IMPRINT)
Name of publisher Katson Books
Year of publication 2012
300 ## - PHYSICAL DESCRIPTION
Number of Pages 838
650 ## - SUBJECT ADDED ENTRY--TOPICAL TERM
Topical Term Diploma Engineering
942 ## - ADDED ENTRY ELEMENTS (KOHA)
Koha item type Books
Holdings
Lost status Damaged status Home library Current library Shelving location Date acquired Cost, normal purchase price Full call number Accession Number Koha item type Collection code Source of acquisition
    JRU Library   Shelf - 27- N 28/06/2016 410.00 11645 11645 Books    
    JRU Library JRU Library SHELF-74-H 28/06/2016 410.00 11645 11646 Books CS/IT  
    JRU Library   Shelf - 26- M 28/06/2016 410.00 11645 11647 Books    
    JRU Library   Shelf - 26- H 28/06/2016 410.00 11645 11648 Books    
    JRU Library   Shelf - 26- L 28/06/2016 410.00 11645 11649 Books    
    JRU Library JRU Library SHELF-74-H 28/06/2016 410.00 11645 11650 Books CS/IT  
    JRU Library   Shelf - 26- H 28/06/2016 410.00 11645 11651 Books    
    JRU Library   Shelf - 26- M 28/06/2016 410.00 11645 11652 Books    
    JRU Library JRU Library SHELF-48-I 28/06/2016 410.00 004.16 11653 Books CS/IT PURCHASE
    JRU Library   Shelf - 26- J 28/06/2016 410.00 11645 11654 Books    
    JRU Library JRU Library SHELF-74-H 28/06/2016 410.00 11645 11655 Books CS/IT  
    JRU Library JRU Library SHELF-74-H 28/06/2016 410.00 11645 11656 Books CS/IT  
    JRU Library   Shelf - 26- M 28/06/2016 410.00 11645 11657 Books    
    JRU Library JRU Library SHELF-74-I 28/06/2016 410.00 11645 11658 Books CS/IT  
    JRU Library   Shelf - 27- N 28/06/2016 410.00 11645 11659 Books    
    JRU Library JRU Library SHELF-48-H 28/06/2016 410.00 004.16 11660 Books CS/IT PURCHASE
    JRU Library   Shelf - 26- K 28/06/2016 410.00 11645 11661 Books    
    JRU Library JRU Library SHELF-48-I 28/06/2016 410.00 004.16 11662 Books CS/IT PURCHASE
    JRU Library   SHELF-31-D 28/06/2016 410.00 11645 11663 Books Reference  
    JRU Library   Shelf - 26- L 28/06/2016 410.00 11645 11664 Books    
    JRU Library   SHELF-31-D 28/06/2016 410.00 11645 11665 Books Reference  
    JRU Library   Shelf - 26- L 28/06/2016 410.00 11645 11666 Books    
    JRU Library   Shelf - 27- N 28/06/2016 410.00 11645 11667 Books    
    JRU Library JRU Library SHELF-48-I 28/06/2016 410.00 004.16 11668 Books CS/IT PURCHASE
    JRU Library JRU Library SHELF-74-I 28/06/2016 410.00 11645 11669 Books CS/IT  
    JRU Library   SHELF-1-G 28/06/2016 410.00 11645 11670 Books    
    JRU Library   Shelf - 26- K 28/06/2016 410.00 11645 11671 Books    
    JRU Library JRU Library SHELF-74-I 28/06/2016 410.00 11645 11672 Books CS/IT  
    JRU Library   Shelf - 26- I 28/06/2016 410.00 11645 11673 Books